Central Library OPAC University of Rajshahi
Normal view MARC view

Entry Personal Name

Number of records used in: 1

001 - CONTROL NUMBER

  • control field: 8262

003 - CONTROL NUMBER IDENTIFIER

  • control field: BD-RjUL

005 - DATE AND TIME OF LATEST TRANSACTION

  • control field: 20230809122200.0

008 - FIXED-LENGTH DATA ELEMENTS

  • fixed length control field: 230809|| aca||aabn | a|a d

040 ## - CATALOGING SOURCE

  • Original cataloging agency: BD-RjUL
  • Transcribing agency: BD-RjUL

100 ## - HEADING--PERSONAL NAME

  • Personal name: পালিত, দেবশ্রী

670 ## - SOURCE DATA FOUND

  • Source citation: Work cat.: (BD-RjUL)81658: পালিত, দেবশ্রী , মালদা জেলার ডোমনী গান : , ২০১২